|
|
|
|
| LEADER |
01011nam a2200277 a 4500 |
| 001 |
33869 |
| 003 |
BD-DhAAL |
| 005 |
20211123112945.0 |
| 008 |
181021t20171972uk a|||| b||| 00| 1 eng d |
| 999 |
|
|
|c 40085
|d 40085
|
| 020 |
|
|
|a 9780241305812
|
| 040 |
|
|
|a BD-DhAAL
|
| 082 |
|
|
|2 23
|a 813.54
|
| 100 |
|
|
|a Reed, Ishmael
|9 28505
|
| 245 |
|
|
|a Mumbo jumbo /
|c Ishmael Reed
|
| 260 |
|
|
|a London :
|b Penguin Classics,
|c 2017.
|
| 300 |
|
|
|a 223 pages :
|b illustrations ;
|c 20 cm.
|
| 526 |
|
|
|a ENH
|
| 541 |
|
|
|a Karim International
|e 33869
|
| 650 |
|
|
|a Harlem (New York, N.Y.)
|v Fiction.
|9 28506
|
| 650 |
|
|
|a English literature
|9 43024
|
| 651 |
|
|
|a African Americans
|v Fiction.
|9 28507
|
| 651 |
|
|
|a United States
|x Social life and customs
|y 1918-1945
|v Fiction.
|9 28508
|
| 852 |
|
|
|a Ayesha Abed Library
|c General Stacks
|
| 942 |
|
|
|2 ddc
|c BK
|
| 952 |
|
|
|0 0
|1 0
|2 ddc
|4 0
|6 813_540000000000000_REE
|7 0
|9 64474
|a BRACUL
|b BRACUL
|c GEN
|d 2018-10-15
|e Karim International
|g 726.00
|l 0
|o 813.54 REE
|p 3010033869
|r 2018-10-15
|t 1
|v 726.00
|w 2018-10-15
|y BK
|